Score 0/24 Timer 05:00
0 Plays Today
Hint Character % Correct
Man of the house / main characterStan Smith
97.9%
Alcoholic alien who lives in the atticRoger the Alien
95.6%
The son who always blows his chance with the ladiesSteve Smith
93.3%
Eco-warrior daughter of the familyHayley Smith
89.5%
The wife of the family with a famous sex-gardenFrancine Smith
89.3%
Goldfish who speaks with a german accentKlaus Heissler
84.7%
Hayley's shaggy boyfriendJeff Fischer
71.3%
Steve's Jewish acne covered friendSchmuley 'Snot' Lonstein
69.4%
The gay neighborsGreg and Terry
67%
Steve's fat friend who may or may not be challengedBarry Robinson
64.4%
Steve's Asian friend who understands english but only speaks in JapaneseToshi Yoshida
63.4%
Stan's bossAvery Bullock
62.6%
Hint Character % Correct
Francine's parentsBaba and Mama Ling
52.1%
Steve's gothic girlfriendDebbie Hyman
50.7%
The koala, also part of the CIA and one of Hayley's loversReginald
50.5%
Francine's 'hot' sisterGwen Ling
42.8%
Pearl Bailey Principal AKA 'el lobo negron'Principal Lewis
39.8%
The mountain man who marries SharriBuckle
36.5%
Stan's CIA RivalDuper
32.7%
The apple of Steve's eye, also his Japanese friend's sisterAkiko Yoshida
30.2%
The neighborhood Iranians labeled by Stan as 'Terrorists'Bob and Linda Memari
29.9%
Stan's boss' adopted childSanjen A.J. Bullock
26.8%
Former KGB Agent known as 'Wolf of Lenningrad'Sergei Kruglov
19.7%
The gay neighbor's dogHeath Ledger
17.7%
Remove Ads.
Support Sporcle.
Get the best of Sporcle when you Go Orange. This ad-free experience offers more features, more stats, and more fun while also helping to support Sporcle. Thank you for becoming a member.

You're not logged in!

Compare scores with friends on all Sporcle quizzes.
OR
Log In

Show Comments

Extras

Created Nov 17, 2010ReportNominate
Tags:America, Character, dad

Top Quizzes Today


Score Distribution

Your Account Isn't Verified!

In order to create a playlist on Sporcle, you need to verify the email address you used during registration. Go to your Sporcle Settings to finish the process.

Report this User

Report this user for behavior that violates our Community Guidelines.

Details: